| 000 | 004370000a22001690004500 | ||
|---|---|---|---|
| 003 | MACL | ||
| 005 | 20160106151921.0 | ||
| 008 | 160106b xxu||||| |||| 00| 0 eng d | ||
| 040 |
_aMACL _cMACL |
||
| 041 | _aEnglish | ||
| 082 | _a910/BAl | ||
| 100 |
_aBalchin, W G V _928799 |
||
| 245 |
_aGeography and Man _bVOL 2 |
||
| 260 |
_bThe New Era Publishing Co Ltd _aLondon |
||
| 650 |
_aTravel & Geography _913442 |
||
| 942 |
_cBK _k910/BAL _2ddc |
||
| 999 |
_c38600 _d38600 |
||